[Event "Roncana op-C 12th"]
[Site "Santa Eulalia de Roncana"]
[Date "2018.11.10"]
[Round "6"]
[White "Garangou Jordan, Adria"]
[Black "Bonillo Laso, Adria"]
[Result "1-0"]
[WhiteElo "1415"]
[BlackElo "1374"]
[PlyCount "95"]
[EventDate "2018.09.29"]
[EventType "swiss"]
[EventRounds "8"]
[EventCountry "ESP"]
[SourceTitle "EXT 2022"]
[Source "ChessBase"]
[SourceDate "2021.10.06"]
[SourceVersion "1"]
[SourceVersionDate "2021.10.06"]
[SourceQuality "1"]

1. e4 e5 2. Nf3 Nf6 3. d3 d5 4. exd5 Nxd5 5. Be2 Bd6 6. 0-0 0-0 7. c4 Nf6 8. d4 e4 9. Ne5 Be6 10. c5 Be7 11. Nc3 Nbd7 12. c6 Nxe5 13. dxe5 Qxd1 14. Rxd1 Bg4 15. Bxg4 Nxg4 16. Rd7 Rfe8 17. cxb7 Rab8 18. Rxc7 Rbd8 19. Bf4 Bb4 20. Nxe4 Nxe5 21. a3 Ba5 22. Rc5 Nd3 23. Rxa5 Nxf4 24. Nc5 Re7 25. h3 h6 26. Rxa7 Re5 27. Ra8 Ree8 28. Na6 Rxa8 29. bxa8Q Rxa8 30. Nb4 g5 31. Nc2 Kg7 32. Ne3 Kg6 33. b4 f5 34. b5 Rb8 35. a4 h5 36. Rb1 g4 37. Kh2 gxh3 38. gxh3 Nd3 39. a5 Nxf2 40. Ng2 Kg5 41. Kg3 Ne4+ 42. Kh2 Rd8 43. Rg1 Rd5 44. Ne3+ Kh4 45. Nxd5 Ng3 46. b6 f4 47. Nxf4 Ne2 48. Ng6# 1-0